| 000 | 00933cam a22002775a 4500 | ||
|---|---|---|---|
| 001 | 18201375 | ||
| 005 | 20201128021359.0 | ||
| 008 | 140625t2014 caua fr 001 0 eng d | ||
| 020 | _a9780321949363 (pbk.) | ||
| 020 | _a0321949366 (pbk.) | ||
| 040 |
_aDLC _beng _cDLC _dEG-ScBUE |
||
| 082 | 0 | 4 |
_a005.2762 _222 _bULL |
| 100 | 1 |
_aUllman, Larry E. _q(Larry Edward), _d1972- _938627 |
|
| 245 | 1 | 0 |
_aEffortless e-commerce with PHP and MySQL / _cLarry Ullman. |
| 250 | _a2nd ed. | ||
| 260 |
_a[California] : _bNew Riders / Peachpit / Pearson Education, _cc.2014 |
||
| 300 |
_axviii, 533 p. : _bill. ; _c24 cm. |
||
| 500 | _aIndex : p. 522-533. | ||
| 630 | 0 | 7 |
_aMySQL (Electronic resource) _921440 |
| 650 | 7 |
_aElectronic commerce. _2BUEsh _91169 |
|
| 650 | 7 |
_aPHP (Computer program language) _2BUEsh _910111 |
|
| 650 | 7 |
_aWeb sites _xDesign. _2BUEsh _97205 |
|
| 651 | _2BUEsh | ||
| 653 |
_bCOMSCI _cJune2015 _cNovember2015 |
||
| 942 | _2ddc | ||
| 999 |
_c20021 _d19993 |
||